| 000 | 00585nam a22001817a 4500 | ||
|---|---|---|---|
| 999 |
_c1357 _d1357 |
||
| 003 | AR-CdUCM | ||
| 008 | 190226b ||||| |||| 00| 0 spa d | ||
| 040 |
_aMUNICIPALIDAD PROVINCIAL DEL CUSCO _cBIBLIOTECA MUNICIPAL DEL CUSCO |
||
| 082 |
_a347.03 / _bM27 |
||
| 100 |
_aMasias Zavaleta, Demetrio _95194 |
||
| 245 | _aDiccionario de derecho comercial y empresarial / | ||
| 260 |
_aCusco : _bImprenta Edmundo Pantigoso; _c2002. |
||
| 300 |
_a425 paginas ; _c21 cm. |
||
| 650 |
_aDerecho comercial _95195 |
||
| 650 |
_aDiccionario _95196 |
||
| 942 |
_2ddc _cLIBROS |
||
| 945 |
_arum _d2019-02-26 |
||